01014nam a2200277 i 450000500170000000800410001702000180005804000350007604100080011108200200011910000270013924501330016625000220029926400280032130000250034933600270037433700330040133800280043450000210046265000550048365000690053865000530060770000480066094200130070899900150072120220317000222.0110420s2006 sp 0 sgr d s spa d a9788420011370 aCO-BoRNBPbspacCO-BoRNBPerda0 aspa04aR 641.03bB25d11 aBender, David Aeautor10aDiccionario de los Bender de nutrición y tecnología de los alimentoscDavid A. Bender ; traducido por Bernabé Sanz Pérez aSegunda edición 1aZaragozabAcribiac2006 a558 páginasc23 cm atextobtxt2rdacontent asin mediaciónbn2rdamedia avolumenbnc2rdacarrier aIncluye índice17aNutriciónvDiccionarios, enciclopedias,etc2LEMB17aTecnología de alimentosvDiccionarios, enciclopedias,etc2LEMB17aDieteticavDiccionarios, enciclopedias,etc2LEMB1 aSanz Pérez, Bernabé,etraductor9138020 2ddccREF c3430d3430